000 04432namaa22004211i 4500
003 EG-GICUC
005 20260412112311.0
008 260315s2024 ua a|||frm||| 000 0 eng d
040 _aEG-GICUC
_beng
_cEG-GICUC
_dEG-GICUC
_erda
041 0 _aeng
_beng
_bara
049 _aDeposit
082 0 4 _a 624.17723
092 _a624.17723
_221
097 _aPh.D
099 _aCai01.13.05.Ph.D.2024.Mo.S
100 0 _aMohamed GamalEldin Sayed Abdelmohaymen,
_epreparation.
245 1 0 _aShear retrofitting with manually made nsm frp sheets (MMFRP) OF RC beams /
_cby Mohamed GamalEldin Sayed Abdelmohaymen ; Supervisors Prof. Dr. Hamed Mohamed Mahmoud Salem.
246 1 5 _aترميم القص لكمرات من الخرسانه المسلحه باستخدام الواح الياف ‏البوليمر الكربونيه المصنعه يدويا وتوجد اسفل السطح الخرساني
264 0 _c2025.
300 _a75 pages :
_billustrations ;
_c30 cm. +
_eCD.
336 _atext
_2rda content
337 _aUnmediated
_2rdamedia
338 _avolume
_2rdacarrier
502 _aThesis (Ph.D)-Cairo University, 2025.
504 _aBibliography: pages 73-75.
520 3 _aThis thesis presents an experimental study to evaluate the effectiveness of the proposed carbon manually made fibre reinforced polymer (MMFRP) folded sheet for shear strengthening of nine RC beams using near surface-mounted (NSM) method, in addition to an unstrengthened control beam. In the laboratory, MMFRP folded sheets were manually manufactured. MMFRP is made by folding an FRP sheet into appropriate groove widths. Carbon MMFRP folded sheets with varying strip amounts, FRP areas and development lengths, increase the shear strength of rectangular reinforced concrete (RC) beams. In comparison to the control beam, beams with double, triple, and quadruple strips demonstrate 68%, 59% and 74% improvements in shear-load carrying capacity, respectively. However, the study discovered that if the number of strips, FRP area or development length is raised, the member's shear strength capability is estimated to improve.
520 3 _aيقدم هذا البحث دراسة تجريبية لتقييم فعالية الشريحه المطوية المصنوعة يدويًا من البوليمر المقوى بالألياف الكربونية (MMFRP) لتقوية القص لتسع كمرات من الخرسانه المسلحه باستخدام طريقة التثبيت بالقرب من السطح (NSM) ، بالإضافة إلى كمره غير مدعمه لدراسة التحكم. تم تصنيع الشرائح المطوية المصنوعة من MMFRP يدويًا في المعمل. تم تصنيع MMFRP عن طريق طي شريحه FRP ووضعها داخل تجويف مناسب في الكمره الخرسانيه. تتعدد اعداد الشرائح المطوية المصنوعة من الكربون MMFRP بكميات مختلفة ومساحة مقطع مختلف وأطوال تماسك مختلفه. يتم استكشاف مزايا تدعيم الكمرات باستخدام شرائح مطوية مختلفة من MMFRP بناءً على النتائج التجريبية. بالمقارنة مع كمرة التحكم ، تُظهر الكمرات ذات الشرائح المزدوجة والثلاثية والرباعية تحسينات بنسبة 68٪ و 59٪ و 74٪ في قدرة تحمل حمل القص ، على التوالي. ومع ذلك ، اكتشفت الدراسة أنه إذا تم رفع عدد الشرائح أو مساحة FRP أو طول التماسك ، فمن المتوقع أن تتحسن قدرة مقاومة القص للعنصر الانشائي.
530 _aIssues also as CD.
546 _aText in English and abstract in Arabic & English.
650 0 _aConcrete beams
650 0 _aعوارض خرسانية
653 1 _ashear strengthening
_aNSM FRP strip
_aCFRP
_aMMFRP
_aReinforced concrete beams
_aتدعيم القص
_aالتدعيم القريب من السطح
700 0 _aHamed Mohamed Mahmoud Salem
_ethesis advisor.
900 _b01-01-2025
_cHamed Mohamed Mahmoud Salem
_dHany Ahmed Aly Abd ALLAH
_dGhada Diaa Abd El-Hameed Ahmed
_UCairo University
_FFaculty of Engineering
_DDepartment of Structural Engineering
905 _aShimaa
_eEman Ghareb
942 _2ddc
_cTH
_e21
_n0
999 _c179051